000 00840cam a22002651a 4500
999 _c2798
_d2798
001 464761
003 OSt
005 20230822092620.0
008 221213s2022 maua 000 0 eng d
020 _a9780357448526
_q(student book)
040 _aNHU
_cKH8
042 _anbic
082 0 4 _a428.24 WIL
_223
100 1 _aWilliams, Jessica,
_eauthor.
245 1 0 _aReflect, reading & writing.
_n5 /
_cJessica Williams.
246 3 0 _aReflect, reading and writing.
260 _aBoston, MA :
_bCengage Learning,
_cc2022.
300 _aix, 192 p. :
_bcol. ill. ;
_c28 cm.
500 _aIncludes one online access code.
650 0 _aEnglish language
_vTextbooks for foreign speakers.
650 0 _aEnglish language
_xSpoken English
_vProblems, exercises, etc.
650 0 _aEnglish language
_xWriting.
650 0 _aReading.
942 _2ddc
_cTR